Minnesota Vikings 2023-2024 NFL Roster - Statistics

General Stats
  • This quiz has been taken 435 times
  • The average score is 19 of 62
Answer Stats
Rank Team Player % Correct
Quarterback 1 #8 Kirk Cousins
98%
Quarterback 2 #12 Nick Mullens
87%
Wide Receiver 1 #18 Justin Jefferson
75%
Quarterback 4 #16 Jaren Hall
68%
Tight End 1 #87 Tj Hockenson
58%
Wide Receiver 2 #3 Jordan Addison
57%
Running Back 1 #2 Alexander Mattison
55%
Fullback #30 Cj Ham
52%
Running Back 3 #32 Ty Chandler
49%
Kick Returner 2 #32 Ty Chandler
49%
Running Back 2 #31 Cam Akers
44%
Quarterback 3 #15 Josh Dobbs
44%
Wide Receiver 4 #4 Brandon Powell
42%
Punt Returner #4 Brandon Powell
42%
Kick Returner 3 #4 Brandon Powell
42%
Strong Safety 1 #22 Harrison Smith
42%
Wide Receiver 3 #17 Kj Osborn
42%
Tight End 2 #84 Josh Oliver
39%
Weakside Linebacker 1 #99 Danielle Hunter
38%
Left Tackle 1 #71 Christian Darrisaw
37%
Tight End 3 #86 Johnny Mundt
35%
Kicker #1 Greg Joseph
33%
Wide Receiver 5 #83 Jalen Nailor
33%
Center 1 #56 Garrett Bradbury
31%
Running Back 4 #26 Kene Nwangwu
31%
Kick Returner 1 #26 Kene Nwangwu
31%
Left Inside Linebacker 1 #40 Ivan Pace Jr.
30%
Strong Safety 2 #44 Josh Metellus
29%
Long Snapper #42 Andrew DePaola
28%
Right Tackle 1 #75 Brian O'neill
28%
Defensive Tackle 1 #97 Harrison Phillips
28%
Tight End 4 #34 Nick Muse
28%
Right Guard 1 #67 Ed Ingram
27%
Punter #14 Ryan Wright
27%
Holder #14 Ryan Wright
27%
Cornerback 1 #7 Byron Murphy Jr.
25%
Left Guard 1 #66 Dalton Risner
25%
Free Safety 3 #6 Lewis Cine
25%
Right Inside Linebacker 1 #58 Jordan Hicks
24%
Strongside Linebacker 1 #98 D.J. Wonnum
22%
Strongside Linebacker 2 #0 Marcus Davenport
22%
Free Safety 1 #24 Camryn Bynum
21%
Cornerback 3 #5 Mekhi Blackmon
21%
Cornerback 2 #21 Akayleb Evans
20%
Cornerback 4 #23 Andrew Booth Jr.
20%
Wide Receiver 6 #9 Trishton Jackson
19%
Right Guard 2 #64 Blake Brandel
17%
Left Tackle 2 #76 David Quessenberry
15%
Left Inside Linebacker 2 #33 Brian Asamoah II
14%
Strong Safety 3 #20 Jay Ward
14%
Free Safety 2 #25 Theo Jackson
14%
Right Inside Linebacker 2 #45 Troy Dye
14%
Cornerback 5 #11 NaJee Thompson
13%
Right End 1 #90 Jonathan Bullard
12%
Left End 2 #94 Dean Lowry
10%
Center 2 #65 Austin Schlottmann
9%
Weakside Linebacker 2 #91 Pat Jones II
9%
Defensive Tackle 2 #95 Khyiris Tonga
8%
Right Tackle 2 #74 Olisaemeka Udoh
7%
Left Guard 2 #62 Chris Reed
6%
Left End 1 #93 Jaquelin Roy
6%
Right End 2 #92 James Lynch
4%
No matching quizzes found
Score Distribution
Percent of People with Each Score
Percentile by Number Answered
Your Score History
You have not taken this quiz